Santiago Bruron: el hombre, el empresario, el sacerdote

Enregistré dans:
Détails bibliographiques
Auteur principal: Silva Délano, Alfonso (Auteur)
Format: Livre
Langue:espagnol
Publié: s.l USEC 1990
Édition:1a. ed
Sujets:
Tags: Ajouter un tag
Pas de tags, Soyez le premier à ajouter un tag!

MARC

LEADER 00000cam a2200000 a 4500
001 UCC6391
003 CL-VaPUC
008 181207e19900000cl |||||||||||||||||spa|d
082 0 4 |a 923.383  |b SIL  |2 21 
100 0 |a Silva Délano, Alfonso  |e author  |9 600819 
245 1 0 |a Santiago Bruron: el hombre, el empresario, el sacerdote 
250 |a 1a. ed 
300 |a 115 p 
942 |c BK 
945 |d 20181207 13:37:00  |a dcastane 
260 |a s.l  |b USEC  |c 1990 
650 0 |a Biografías  |9 255210 
650 0 |a Sacerdotes   |9 315705 
650 7 |a EMPRESARIOS  |2 CL-VaPUC  |9 315086 
583 |a last modification  |c 20181207 13:37:00  |k Rodrigo Vera 
999 |c 373340  |d 373338 
952 |0 0  |1 0  |3 erb  |4 0  |6 923_383000000000000_SIL_1990  |7 0  |8 A  |9 491410  |a BIBTEO  |b BIBTEO  |e Precht Pizarro, Jorge Enrique  |i 5519527  |o 923.383 SIL 1990  |p 5519527  |r 2025-01-17  |w 2019-11-24  |y BK  |z Catalogado en:20181207  |k ICR